PROBLEMS IN MECHANICAL DRAWING WITH EMPHASIS ON FREEHAND SKETCHING (Record no. 583172)

000 -LEADER
fixed length control field 00300nam a22001097a 4500
082 ## - DEWEY DECIMAL CLASSIFICATION NUMBER
Classification number 604.2 LEV'P
100 ## - MAIN ENTRY--PERSONAL NAME
Personal name EDSTROM, A. E,LEVENS, A. S
9 (RLIN) 10069
245 ## - TITLE STATEMENT
Title PROBLEMS IN MECHANICAL DRAWING WITH EMPHASIS ON FREEHAND SKETCHING
260 ## - PUBLICATION, DISTRIBUTION, ETC.
Place of publication, distribution, etc. NEWYORK
Name of publisher, distributor, etc. MCGRAW HILL
Date of publication, distribution, etc. 1966
300 ## - PHYSICAL DESCRIPTION
Extent 78P
942 ## - ADDED ENTRY ELEMENTS (KOHA)
Koha item type Book
Holdings
Withdrawn status Lost status Source of classification or shelving scheme Damaged status Not for loan Permanent Location Current Location Shelving location Date acquired Full call number Barcode Date last seen Price effective from Koha item type Public note
          College of Electrical & Mechanical Engineering (CEME) College of Electrical & Mechanical Engineering (CEME) General Stacks 06/13/2017 604.2 LEV'P CEME-8570 06/28/2021 06/28/2021 Book 3.8
© 2023 Central Library, National University of Sciences and Technology. All Rights Reserved.